[Event "COL-ch U18 Girls"]
[Site "Barranquilla"]
[Date "2018.11.24"]
[Round "2"]
[White "Manjarres Baena, Andrea Carolina"]
[Black "Cayetano Noriega, Zigrid Shely"]
[Result "1-0"]
[WhiteElo "1475"]
[BlackElo "1402"]
[PlyCount "79"]
[EventDate "2018.11.24"]
[EventType "swiss"]
[EventRounds "7"]
[EventCountry "COL"]
[SourceTitle "OM OTB B 201907"]
[Source "Opening Master"]
[SourceDate "2019.07.06"]
[SourceVersion "2"]
[SourceVersionDate "2019.07.06"]
[SourceQuality "1"]

1. e4 e5 2. Nf3 Nc6 3. c3 Bc5 4. b4 Bb6 5. b5 Na5 6. d4 exd4 7. cxd4 Nf6 8. Nc3
c6 9. e5 Ng4 10. Qd2 cxb5 11. Nxb5 Nc6 12. Nd6+ Kf8 13. Ba3 Qe7 14. Qc3 Ba5 15.
Nb5 Ke8 16. Bxe7 Bxc3+ 17. Nxc3 Nxe7 18. h3 Nf6 19. exf6 gxf6 20. Bc4 Nc6 21.
O-O Nb4 22. Rae1+ Kd8 23. Bxf7 Rg8 24. Bxg8 d6 25. g4 Be6 26. Bxe6 a6 27. Bf7
b6 28. Re6 Rc8 29. Rxd6+ Ke7 30. Rxb6 Kxf7 31. Ne4 Nd3 32. Nd6+ Ke7 33. Nxc8+
Kd8 34. Rd1 Kxc8 35. Rxd3 Kc7 36. Rxf6 Kd7 37. Rb3 Ke7 38. Rxa6 Kd7 39. Rb7+
Kd8 40. Ra8# 1-0

[Event "Wch Seniors 65 28th"]
[Site "Bled"]
[Date "2018.11.20"]
[Round "3"]
[White "Barle, Janez"]
[Black "Mayer, Roland1"]
[Result "1-0"]
[WhiteElo "2259"]
[BlackElo "2076"]
[PlyCount "25"]
[EventDate "2018.11.18"]
[EventType "swiss"]
[EventRounds "11"]
[EventCountry "SLO"]
[SourceTitle "OM OTB B 201907"]
[Source "Opening Master"]
[SourceDate "2019.07.06"]
[SourceVersion "2"]
[SourceVersionDate "2019.07.06"]
[SourceQuality "1"]

1. e4 e5 2. Nf3 Nc6 3. c3 d5 4. Qa4 f6 5. d3 dxe4 6. dxe4 Bd7 7. Qc2 a5 8. a4
Bc5 9. Bc4 Nge7 10. O-O Qc8 11. Nbd2 Be6 12. Qb3 Nd8 13. Qb5+ 1-0

[Event "World Senior 50+ 2018"]
[Site "Bled SLO"]
[Date "2018.11.18"]
[Round "1.40"]
[White "Kranzl, P."]
[Black "De Meester, Johan"]
[Result "1-0"]
[WhiteElo "2163"]
[BlackElo "1720"]
[PlyCount "51"]
[EventDate "2018.11.18"]
[EventType "swiss"]
[EventRounds "11"]
[EventCountry "SLO"]
[SourceTitle "The Week in Chess 1255"]
[Source "Mark Crowther"]
[SourceDate "2018.11.26"]
[SourceVersion "1"]
[SourceVersionDate "2018.11.26"]
[SourceQuality "2"]

1. e4 e5 2. Nf3 Nc6 3. c3 Nf6 4. d4 exd4 5. e5 Nd5 6. Bb5 a6 7. Ba4 Nb6 8. Bb3
Be7 9. cxd4 d6 10. O-O dxe5 11. Nxe5 Nxe5 12. dxe5 Qxd1 13. Rxd1 Bf5 14. Nc3
Bc5 15. Bg5 O-O 16. Rac1 Rfe8 17. Nd5 Nxd5 18. Rxc5 c6 19. Bxd5 cxd5 20. Rdxd5
Be6 21. Rd6 Bxa2 22. Be3 Re6 23. b4 Kf8 24. Rc7 Re7 25. Bc5 Ke8 26. Rxe7+ 1-0

[Event "Wch Seniors 65 28th"]
[Site "Bled"]
[Date "2018.11.18"]
[Round "1"]
[White "Dalling, Peter"]
[Black "Srebrnic, Vojko"]
[Result "0-1"]
[WhiteElo "1811"]
[BlackElo "2140"]
[PlyCount "82"]
[EventDate "2018.11.18"]
[EventType "swiss"]
[EventRounds "11"]
[EventCountry "SLO"]
[SourceTitle "OM OTB B 201907"]
[Source "Opening Master"]
[SourceDate "2019.07.06"]
[SourceVersion "2"]
[SourceVersionDate "2019.07.06"]
[SourceQuality "1"]

1. e4 e5 2. Nf3 Nc6 3. c3 Nf6 4. d4 Nxe4 5. d5 Ne7 6. Nxe5 Ng6 7. Nxg6 hxg6 8.
Be3 Bd6 9. Qd4 Qe7 10. Bd3 Nf6 11. Nd2 Rh5 12. Bc4 b5 13. Bb3 Qe5 14. Nf3 Qxd4
15. Bxd4 Bb7 16. O-O-O Kf8 17. h3 a6 18. g4 Rh8 19. g5 Nh5 20. Ne5 Bxe5 21.
Bxe5 d6 22. Bd4 Re8 23. Be3 Ng3 24. Rh2 Nf5 25. Re1 Nxe3 26. Rxe3 Rxe3 27. fxe3
Rh4 28. Kd2 Bc8 29. Kd3 Bf5+ 30. Ke2 Ke7 31. Kf3 f6 32. gxf6+ Kxf6 33. Kg3 g5
34. Bd1 Ke5 35. Bf3 g6 36. Rd2 Rxh3+ 37. Kf2 Rh2+ 38. Ke1 Rxd2 39. Kxd2 g4 40.
Bg2 Be4 41. Bf1 g3 0-1

[Event "BAN-chB 44th"]
[Site "Dhaka"]
[Date "2018.11.13"]
[Round "1"]
[White "Md Mazharul, Kabir"]
[Black "Saiful Islam, Chowdhury"]
[Result "0-1"]
[WhiteElo "1840"]
[BlackElo "2110"]
[PlyCount "72"]
[EventDate "2018.11.13"]
[EventType "swiss"]
[EventRounds "9"]
[EventCountry "BAN"]
[SourceTitle "OM OTB B 201907"]
[Source "Opening Master"]
[SourceDate "2019.07.06"]
[SourceVersion "2"]
[SourceVersionDate "2019.07.06"]
[SourceQuality "1"]

1. e4 e5 2. Nf3 Nc6 3. c3 d5 4. d3 dxe4 5. dxe4 Qxd1+ 6. Kxd1 Nf6 7. Bd3 Bg4 8.
Be3 O-O-O 9. Kc2 Bh5 10. h3 Be7 11. Nbd2 a6 12. g4 Bg6 13. Nh4 Bxe4 14. Nxe4
Nxe4 15. Nf5 Nd6 16. Nxg7 e4 17. Be2 Rhg8 18. Nh5 Rde8 19. Rad1 Ne5 20. Bd4 Bh4
21. Rhf1 Re7 22. a4 Bg5 23. b3 Rge8 24. c4 f6 25. c5 Ndf7 26. Ng7 Rd8 27. Nf5
Red7 28. h4 Bf4 29. Kc3 a5 30. Ng7 Re7 31. Nh5 Bh6 32. Nxf6 Bg7 33. Nxe4 Nc6
34. f3 Nxd4 35. Kd3 Nxb3+ 36. Kc4 Nd4 0-1

[Event "Ch Iran (w)"]
[Site "Hamedan (Iran)"]
[Date "2018.11.12"]
[Round "5"]
[White "Sebt Rasoul Seyede Setare (IR"]
[Black "Behzad Nazif Parva (IRI)"]
[Result "1/2-1/2"]
[WhiteElo "1977"]
[BlackElo "1859"]
[PlyCount "90"]
[EventDate "2018.??.??"]
[SourceTitle "OM OTB B 201907"]
[Source "Opening Master"]
[SourceDate "2019.07.06"]
[SourceVersion "2"]
[SourceVersionDate "2019.07.06"]
[SourceQuality "1"]

1. e4 e5 2. Nf3 Nc6 3. c3 d5 4. Qa4 Bd7 5. exd5 Nd4 6. Qd1 Nxf3+ 7. Qxf3 Nf6 8.
Bc4 Bd6 9. h3 e4 10. Qe2 O-O 11. O-O Bf5 12. f4 Bc5+ 13. Kh2 Ng4+ 14. Kg3 Nh6
15. b4 Bd6 16. d4 Qg5+ 17. Kh2 Qh4 18. Qe1 Qh5 19. Be2 Bg4 20. Bxg4 Nxg4+ 21.
Kg1 Nf6 22. c4 Rfe8 23. Be3 Bf8 24. a3 b5 25. cxb5 Nxd5 26. Nc3 Bd6 27. Nxd5
Qxd5 28. f5 Qxb5 29. f6 g6 30. Bf4 Qb6 31. Qe3 Rad8 32. Rad1 Re6 33. Bg5 a5 34.
d5 Ree8 35. Qxb6 cxb6 36. Be3 axb4 37. axb4 b5 38. Bc5 Bg3 39. d6 Rd7 40. Ra1
Bxd6 41. Rfd1 Bxc5+ 42. bxc5 Rc7 43. Rd5 h6 44. Kf2 Rc6 45. Ke3 Rxf6 1/2-1/2

[Event "Montevideo Cao Memorial"]
[Site "Montevideo"]
[Date "2018.11.09"]
[Round "2"]
[White "Fernandez Cuneo, Carlos"]
[Black "Barboza, Mauro"]
[Result "0-1"]
[WhiteElo "1637"]
[BlackElo "1850"]
[PlyCount "96"]
[EventDate "2018.11.07"]
[EventType "swiss"]
[EventRounds "7"]
[EventCountry "URU"]
[SourceTitle "OM OTB B 201907"]
[Source "Opening Master"]
[SourceDate "2019.07.06"]
[SourceVersion "2"]
[SourceVersionDate "2019.07.06"]
[SourceQuality "1"]

1. e4 e5 2. Nf3 Nc6 3. c3 Nf6 4. d3 Bc5 5. Bg5 Qe7 6. d4 Bb6 7. Bc4 exd4 8. O-O
Ne5 9. Bxf6 gxf6 10. Bd3 Nxf3+ 11. Qxf3 d6 12. cxd4 Bxd4 13. Nc3 c6 14. Rad1
Rg8 15. e5 Bg4 16. Qxf6 Qxf6 17. exf6 Bxd1 18. Rxd1 Bxf6 19. Re1+ Kd8 20. Ne4
Be7 21. Ng3 Bf6 22. Nh5 Bxb2 23. Re2 Be5 24. f4 Bd4+ 25. Kf1 Re8 26. Rd2 Be3
27. Re2 d5 28. Ng7 Rg8 29. Rxe3 Rxg7 30. f5 f6 31. Re6 Rf7 32. Be2 Kd7 33. Bh5
Raf8 34. Bxf7 Rxf7 35. h4 h5 36. Kf2 c5 37. Kf3 c4 38. Re2 Re7 39. Rd2 Kc6 40.
g4 hxg4+ 41. Kxg4 Kc5 42. Kh5 Rg7 43. Re2 c3 44. Re6 c2 45. Re1 d4 46. Rc1 d3
47. Kh6 Rg2 48. h5 Kd4 0-1

[Event "Venice Autumn op 25th"]
[Site "Venice"]
[Date "2018.11.04"]
[Round "4"]
[White "Dragojlovic, Andjelko"]
[Black "Savanovic, Aleksandar"]
[Result "0-1"]
[WhiteElo "2288"]
[BlackElo "2434"]
[PlyCount "96"]
[EventDate "2018.11.01"]
[EventType "swiss"]
[EventRounds "5"]
[EventCountry "ITA"]
[SourceTitle "OM OTB B 201907"]
[Source "Opening Master"]
[SourceDate "2019.07.06"]
[SourceVersion "2"]
[SourceVersionDate "2019.07.06"]
[SourceQuality "1"]

1. e4 e5 2. Nf3 Nc6 3. c3 Nf6 4. d3 d5 5. Nbd2 a5 6. Be2 Bc5 7. O-O O-O 8. b3
Re8 9. a3 d4 10. c4 Nd7 11. Kh1 Be7 12. Ng1 Nc5 13. g3 f5 14. f3 f4 15. Rf2 Bg5
16. Rg2 Rf8 17. Nf1 a4 18. bxa4 Nxa4 19. Bd2 Ra6 20. Qe1 Be7 21. Bd1 Nc5 22.
Bc2 Ne6 23. Qc1 Rf7 24. Rf2 Qf8 25. a4 Bb4 26. Rb1 Bxd2 27. Qxd2 Nc5 28. Qd1
Bd7 29. Ne2 fxg3 30. Nexg3 Nd8 31. Ra1 Nde6 32. Nd2 Nf4 33. Nb1 Raf6 34. Rf1 h5
35. Nd2 Bh3 36. Rg1 Nfxd3 37. Bxd3 Nxd3 38. Qe2 Nf4 39. Qf2 Bc8 40. Rgf1 Rg6
41. Rad1 h4 42. Nf5 Bxf5 43. exf5 Rxf5 44. Qe1 Ng2 45. Qe4 Ne3 46. Qxb7 Nxd1
47. Rxd1 Rfg5 48. a5 Qf4 0-1

[Event "Berlin Lichtenrade op 14th"]
[Site "Berlin"]
[Date "2018.11.03"]
[Round "8"]
[White "Pueschel, Werner"]
[Black "Ziese, Gerhard"]
[Result "1-0"]
[WhiteElo "2056"]
[BlackElo "1911"]
[PlyCount "33"]
[EventDate "2018.10.27"]
[EventType "swiss"]
[EventRounds "9"]
[EventCountry "GER"]
[SourceTitle "OM OTB B 201907"]
[Source "Opening Master"]
[SourceDate "2019.07.06"]
[SourceVersion "2"]
[SourceVersionDate "2019.07.06"]
[SourceQuality "1"]

1. e4 e5 2. Nf3 Nc6 3. c3 d5 4. Qa4 dxe4 5. Nxe5 Bd7 6. Nxd7 Qxd7 7. Qxe4+ Be7
8. d4 Nf6 9. Qf3 O-O 10. Be2 Rad8 11. O-O Rfe8 12. Bf4 Nd5 13. Bg3 Bf6 14. Nd2
g6 15. Bc4 Nce7 16. Bxd5 Nxd5 17. c4 1-0

[Event "Marmaris IM 3rd"]
[Site "Marmaris"]
[Date "2018.10.30"]
[Round "10.2"]
[White "Mammadov, Zaur Fazahir Oglu"]
[Black "Dedebas, Emre Emin"]
[Result "1-0"]
[WhiteElo "2465"]
[BlackElo "2302"]
[PlyCount "88"]
[EventDate "2018.10.26"]
[EventType "schev"]
[EventRounds "10"]
[EventCountry "TUR"]
[SourceTitle "OM OTB B 201907"]
[Source "Opening Master"]
[SourceDate "2019.07.06"]
[SourceVersion "2"]
[SourceVersionDate "2019.07.06"]
[SourceQuality "1"]

1. e4 e5 2. Nf3 Nc6 3. c3 Nf6 4. d4 Nxe4 5. d5 Ne7 6. Nxe5 Ng6 7. Nxg6 hxg6 8.
Be3 Bc5 9. Bxc5 Nxc5 10. d6 O-O 11. Be2 c6 12. O-O Qf6 13. Bf3 b6 14. Qd2 Ba6
15. Rd1 Rae8 16. Na3 Ne4 17. Qd4 Ng5 18. Qxf6 gxf6 19. Rd4 Nxf3+ 20. gxf3 Bb7
21. Ra4 a6 22. Rf4 Re6 23. Nc4 b5 24. Na5 Ba8 25. Nb3 Rxd6 26. Nc5 f5 27. Re1
Rd2 28. Rd4 Rxd4 29. cxd4 d6 30. Nxa6 c5 31. dxc5 dxc5 32. Kg2 Rc8 33. Re5 Kg7
34. Rxc5 Rxc5 35. Nxc5 Kf6 36. Kg3 Ke5 37. a4 bxa4 38. Nxa4 Bc6 39. Nb6 f6 40.
f4+ Kd4 41. Nc8 Be8 42. b4 Bd7 43. Ne7 g5 44. Ng8 Kd5 1-0

[Event "Douglas IoM op-C"]
[Site "Douglas"]
[Date "2018.10.27"]
[Round "6"]
[White "Jannur, Kupjasar"]
[Black "Deus, Pedro"]
[Result "1-0"]
[WhiteElo "1415"]
[BlackElo "1728"]
[PlyCount "33"]
[EventDate "2018.10.22"]
[EventType "swiss"]
[EventRounds "7"]
[EventCountry "ENG"]
[SourceTitle "OM OTB B 201907"]
[Source "Opening Master"]
[SourceDate "2019.07.06"]
[SourceVersion "2"]
[SourceVersionDate "2019.07.06"]
[SourceQuality "1"]

1. e4 e5 2. Nf3 Nc6 3. c3 d5 4. Qa4 Qd6 5. exd5 Qxd5 6. Bc4 Qe4+ 7. Kd1 Be6 8.
d3 O-O-O 9. Bxe6+ fxe6 10. Qxe4 Nf6 11. Qc4 Kb8 12. Bg5 Rd6 13. Bxf6 gxf6 14.
Kc2 f5 15. Ng5 Be7 16. Nf7 Na5 17. Qa4 1-0

[Event "Roncana op-A 12th"]
[Site "Santa Eulalia de Roncana"]
[Date "2018.10.27"]
[Round "4"]
[White "Navajas Alvarez, Josep"]
[Black "Castillo Martinez, Aran"]
[Result "0-1"]
[WhiteElo "1698"]
[BlackElo "1965"]
[PlyCount "108"]
[EventDate "2018.09.29"]
[EventType "swiss"]
[EventRounds "8"]
[EventCountry "ESP"]
[SourceTitle "OM OTB B 201907"]
[Source "Opening Master"]
[SourceDate "2019.07.06"]
[SourceVersion "2"]
[SourceVersionDate "2019.07.06"]
[SourceQuality "1"]

1. e4 e5 2. Nf3 Nc6 3. c3 d5 4. Qa4 Bd7 5. exd5 Nd4 6. Qd1 Nxf3+ 7. Qxf3 Bd6 8.
c4 Qe7 9. Nc3 f5 10. Qh5+ g6 11. Qd1 Nf6 12. Be2 O-O-O 13. a3 c6 14. dxc6 Bxc6
15. O-O e4 16. b4 Qe5 17. g3 f4 18. Bg4+ Kb8 19. Bh3 f3 20. b5 Qh5 21. Bg2 fxg2
22. Kxg2 Qxd1 23. Rxd1 Bd7 24. Bb2 Rhf8 25. Re1 Bf5 26. Na4 Bc7 27. Bc3 b6 28.
c5 Rd5 29. Bb4 bxc5 30. Nxc5 Bd6 31. Na6+ Kb7 32. Bxd6 Rxd6 33. Ra2 Rc8 34. h3
Nd7 35. Nb4 Ne5 36. Na6 Be6 37. Raa1 Rxd2 38. Red1 Rxd1 39. Rxd1 Nd3 40. Rd2
Bc4 41. a4 Bb3 42. Re2 Bxa4 43. Rxe4 Bxb5 44. Nb4 Nxb4 45. Rxb4 Kb6 46. Kf3 a5
47. Rb1 a4 48. Ke3 Ka5 49. Kd2 a3 50. Ra1 Ka4 51. h4 Bd7 52. f3 h5 53. f4 Bf5
54. Ra2 Kb3 0-1

[Event "Guernsey op 44th"]
[Site "Vale"]
[Date "2018.10.22"]
[Round "2"]
[White "Heppell, Ian"]
[Black "Hawkins, James Nick"]
[Result "1-0"]
[WhiteElo "2031"]
[BlackElo "1910"]
[PlyCount "121"]
[EventDate "2018.10.21"]
[EventType "swiss"]
[EventRounds "7"]
[EventCountry "GCI"]
[SourceTitle "OM OTB B 201907"]
[Source "Opening Master"]
[SourceDate "2019.07.06"]
[SourceVersion "2"]
[SourceVersionDate "2019.07.06"]
[SourceQuality "1"]

1. e4 e5 2. Nf3 Nc6 3. c3 d5 4. Qa4 f6 5. d3 Be6 6. Be2 Bd6 7. b4 dxe4 8. dxe4
Kf7 9. Nbd2 Nge7 10. O-O Qd7 11. Bc4 a6 12. Re1 b5 13. Bxe6+ Qxe6 14. Qb3 Nd8
15. a4 Qxb3 16. Nxb3 Nb7 17. Be3 Nc6 18. Red1 Ke6 19. Ne1 Rhd8 20. Kf1 Be7 21.
Ke2 Rxd1 22. Kxd1 bxa4 23. Rxa4 a5 24. Ke2 Kd7 25. Nd3 Kc8 26. Ndc5 Kb8 27.
Nxb7 Kxb7 28. bxa5 Ka6 29. Kd3 Kb5 30. Ra1 Rd8+ 31. Kc2 Ra8 32. Rb1 Ka6 33. Bc5
Rd8 34. Bxe7 Nxe7 35. Nc5+ Ka7 36. Rb7+ Ka8 37. Rxc7 Rc8 38. Rxc8+ Nxc8 39. Kb3
Nd6 40. Kb4 Ka7 41. f3 f5 42. exf5 Nxf5 43. Nd3 Ne3 44. Nxe5 Nxg2 45. c4 Ne3
46. Kb5 g5 47. a6 Nf5 48. Nc6+ Ka8 49. c5 h5 50. Kb6 Nh4 51. Ne5 Nf5 52. c6 Nd6
53. c7 Nc8+ 54. Kc6 Ka7 55. Kd7 Nb6+ 56. Kd8 Kxa6 57. c8=Q+ Nxc8 58. Kxc8 Kb6
59. Kd7 Kc5 60. Ke6 Kd4 61. Kf5 1-0

[Event "Aalborg Larsen Memorial"]
[Site "Aalborg"]
[Date "2018.10.18"]
[Round "6"]
[White "Danielsen, Henrik"]
[Black "Borsos, Bogdan"]
[Result "1-0"]
[WhiteElo "2502"]
[BlackElo "2277"]
[PlyCount "91"]
[EventDate "2018.10.13"]
[EventType "swiss"]
[EventRounds "7"]
[EventCountry "DEN"]
[SourceTitle "OM OTB B 201907"]
[Source "Opening Master"]
[SourceDate "2019.07.06"]
[SourceVersion "2"]
[SourceVersionDate "2019.07.06"]
[SourceQuality "1"]

1. e4 e5 2. Nf3 Nc6 3. c3 Nf6 4. d3 d5 5. Nbd2 Be7 6. b4 a6 7. Bb2 O-O 8. Be2
Re8 9. O-O Bf8 10. a3 h6 11. Qc2 g6 12. Rfe1 Bg7 13. g3 Bh3 14. Bf1 Bxf1 15.
Kxf1 dxe4 16. dxe4 Qd7 17. Kg2 Rad8 18. Nb3 b6 19. Rad1 Qc8 20. h3 Rxd1 21.
Rxd1 Qa8 22. Re1 a5 23. b5 a4 24. Nc1 Nd8 25. c4 Nd7 26. Nd3 c5 27. h4 h5 28.
Qd1 Re7 29. Bc3 Qb8 30. Qxa4 Ne6 31. Qd1 Nd4 32. a4 Qa8 33. Nd2 Bh6 34. f3 f5
35. Bxd4 cxd4 36. Nb4 Bxd2 37. Qxd2 Qa5 38. Re2 fxe4 39. Rxe4 Rf7 40. Re1 Kg7
41. Qb2 Rf5 42. f4 Nc5 43. fxe5 Nxa4 44. Qa3 d3 45. Rd1 Rxe5 46. Qa1 1-0

[Event "34th ECC Open 2018"]
[Site "Porto Carras GRE"]
[Date "2018.10.13"]
[Round "2.21"]
[White "Karavitaki, Evaggelia"]
[Black "Scharapow, Yvan"]
[Result "0-1"]
[WhiteElo "1828"]
[BlackElo "1698"]
[PlyCount "148"]
[EventDate "2018.10.12"]
[EventType "team"]
[EventRounds "7"]
[EventCountry "GRE"]
[SourceTitle "The Week in Chess 1249"]
[Source "Mark Crowther"]
[SourceDate "2018.10.15"]
[SourceVersion "1"]
[SourceVersionDate "2018.10.15"]
[SourceQuality "2"]
[WhiteTeam "Chania Chess Academy"]
[BlackTeam "Echiquier Amaytois"]

1. e4 e5 2. Nf3 Nc6 3. c3 d5 4. Qa4 Qd6 5. Bb5 Bd7 6. exd5 Qxd5 7. O-O Nh6 8.
Re1 O-O-O 9. Bc4 Qd6 10. b4 a6 11. Na3 Nd4 12. Qd1 Nxf3+ 13. Qxf3 Bc6 14. Qe2
Qg6 15. f3 Bd6 16. b5 axb5 17. Bxb5 Bc5+ 18. Kh1 Rhe8 19. Bxc6 Qxc6 20. Nc4 Nf5
21. Ne3 Nxe3 22. dxe3 Rd7 23. e4 Red8 24. Be3 Bxe3 25. Qxe3 Qa4 26. h3 f6 27.
f4 Rd2 28. fxe5 R2d3 29. Qf2 fxe5 30. Qf5+ Qd7 31. Qxe5 Re8 32. Qf5 g6 33.
Qxd7+ Rxd7 34. Re3 Rd2 35. Rf1 Kd7 36. e5 Rxa2 37. Kh2 Rd2 38. Kg3 Rd5 39. Rf7+
Re7 40. Rxe7+ Kxe7 41. Kf4 Ke6 42. g4 h6 43. h4 b5 44. Re2 Rc5 45. Re3 Rc4+ 46.
Kf3 c5 47. Kg3 b4 48. cxb4 cxb4 49. Re2 b3 50. Rb2 Rb4 51. h5 gxh5 52. gxh5
Kxe5 53. Kf3 Kf5 54. Ke3 Kg5 55. Kd3 Kxh5 56. Kc3 Rb6 57. Rh2+ Kg4 58. Kb2 h5
59. Rg2+ Kh3 60. Rg8 Rb4 61. Rg7 h4 62. Rg8 Rg4 63. Rd8 Rg3 64. Rd4 Rg4 65.
Rd3+ Kh2 66. Rxb3 Rg2+ 67. Kb1 h3 68. Rc3 Rg3 69. Rc2+ Kh1 70. Rc7 h2 71. Kb2
Rg1 72. Kb3 Kg2 73. Rc2+ Kg3 74. Rc3+ Kf4 0-1

[Event "Olympiad-43"]
[Site "Batumi"]
[Date "2018.10.05"]
[Round "11.1"]
[White "Gavarrete, Nahun"]
[Black "Weldegebriel Beraki, Kibrom"]
[Result "1-0"]
[WhiteElo "2249"]
[BlackElo "1723"]
[PlyCount "105"]
[EventDate "2018.09.24"]
[EventType "team-swiss"]
[EventRounds "11"]
[EventCountry "GEO"]
[SourceTitle "OM OTB B 201907"]
[Source "Opening Master"]
[SourceDate "2019.07.06"]
[SourceVersion "2"]
[SourceVersionDate "2019.07.06"]
[SourceQuality "1"]
[WhiteTeam "Honduras"]
[BlackTeam "Eritrea"]
[WhiteTeamCountry "HON"]
[BlackTeamCountry "ERI"]

1. e4 e5 2. Nf3 Nc6 3. c3 Nf6 4. d4 exd4 5. e5 Nd5 6. cxd4 Bb4+ 7. Nbd2 d6 8.
Bc4 Nb6 9. Bb3 dxe5 10. dxe5 O-O 11. O-O Bg4 12. h3 Bh5 13. g4 Bg6 14. a3 Bc5
15. Nc4 Nd4 16. Nxd4 Qxd4 17. Be3 Qxd1 18. Rfxd1 Bxe3 19. Nxe3 Rad8 20. f4 Be4
21. Kf2 a5 22. e6 fxe6 23. Bxe6+ Kh8 24. Rxd8 Rxd8 25. Rd1 Rxd1 26. Nxd1 Na4
27. Nc3 Nxc3 28. bxc3 g6 29. Ke3 Bg2 30. g5 Kg7 31. Kd4 b6 32. h4 h6 33. Bd5
Bh3 34. Bc6 hxg5 35. hxg5 Kf7 36. Ke5 Bf5 37. a4 Ke7 38. Be4 Bxe4 39. Kxe4 Ke6
40. c4 c6 41. Ke3 Ke7 42. Kd4 Kd6 43. c5+ bxc5+ 44. Kc4 Ke6 45. Kxc5 Kf5 46.
Kb6 Kxf4 47. Kxa5 Kxg5 48. Kb6 Kf4 49. a5 g5 50. a6 g4 51. a7 g3 52. a8=Q g2
53. Qa1 1-0

[Event "Olympiad-43"]
[Site "Batumi"]
[Date "2018.09.26"]
[Round "3.39"]
[White "Gazik, Viktor"]
[Black "Notha, Moakofi"]
[Result "1-0"]
[WhiteElo "2486"]
[BlackElo "2071"]
[PlyCount "107"]
[EventDate "2018.09.24"]
[EventType "team-swiss"]
[EventRounds "11"]
[EventCountry "GEO"]
[SourceTitle "OM OTB B 201907"]
[Source "Opening Master"]
[SourceDate "2019.07.06"]
[SourceVersion "2"]
[SourceVersionDate "2019.07.06"]
[SourceQuality "1"]
[WhiteTeam "Slovakia"]
[BlackTeam "Botswana"]
[WhiteTeamCountry "SVK"]
[BlackTeamCountry "BOT"]

1. e4 e5 2. Nf3 Nc6 3. c3 d5 4. Qa4 f6 5. d3 Nge7 6. Be2 Be6 7. O-O Nc8 8. b4
Nb6 9. Qc2 Qd7 10. Rd1 O-O-O 11. a4 Kb8 12. Nbd2 Qf7 13. Bb2 g5 14. a5 Nc8 15.
exd5 Rxd5 16. Ne4 g4 17. Nfd2 Rg8 18. Nb3 b6 19. axb6 cxb6 20. d4 f5 21. c4
Nxb4 22. Qd2 fxe4 23. cxd5 Bxd5 24. Nc1 Be7 25. dxe5 a5 26. Bd4 h5 27. Bb5 Bg5
28. Qc3 Kb7 29. Ne2 Na7 30. Ba4 Rc8 31. Qb2 Bd8 32. Nc3 Nd3 33. Qd2 Nc6 34.
Bxc6+ Bxc6 35. Rdb1 Qc4 36. Qe3 Nb4 37. Nxe4 Bxe4 38. Qxe4+ Ka6 39. Rd1 Nc2 40.
Rac1 Bg5 41. Qg6 Bd8 42. Rd2 Nxd4 43. Rxc4 Rxc4 44. Rd1 Nc6 45. e6 Be7 46. Qxh5
b5 47. Rb1 b4 48. h3 gxh3 49. Qe2 h2+ 50. Kxh2 Bd6+ 51. g3 Kb5 52. Rc1 Ne5 53.
f4 Ng4+ 54. Kg2 1-0

[Event "PRO League All Stars St1"]
[Site "chess.com INT"]
[Date "2018.09.08"]
[Round "9"]
[White "Jones, Gawain C B"]
[Black "Vidit, Santosh Gujrathi"]
[Result "0-1"]
[WhiteElo "2677"]
[BlackElo "2711"]
[PlyCount "46"]
[EventDate "2018.09.08"]
[EventType "team (blitz)"]
[EventRounds "12"]
[EventCountry "USA"]
[SourceTitle "OM OTB B 201907"]
[Source "Opening Master"]
[SourceDate "2019.07.06"]
[SourceVersion "2"]
[SourceVersionDate "2019.07.06"]
[SourceQuality "1"]
[WhiteTeam "Central"]
[BlackTeam "Eastern"]
[WhiteTeamCountry "USA"]
[BlackTeamCountry "USA"]

1. e4 e5 2. Nf3 Nc6 3. c3 Nf6 4. d4 exd4 5. e5 Nd5 6. cxd4 Bb4+ 7. Bd2 Bxd2+ 8.
Nbxd2 d6 9. Bc4 Be6 10. Qb3 dxe5 11. dxe5 O-O 12. Qxb7 Ndb4 13. Qb5 Rb8 14. Qc5
Nc2+ 15. Ke2 N6d4+ 16. Nxd4 Nxd4+ 17. Kf1 Rxb2 18. Rd1 Rc2 19. Qb4 Nc6 20. Qa4
Bxc4+ 21. Kg1 Rxd2 22. Rc1 Nxe5 23. h4 Qd4 0-1

[Event "PRO League All Stars St1"]
[Site "chess.com INT"]
[Date "2018.09.08"]
[Round "7"]
[White "Jones, Gawain C B"]
[Black "Le, Quang Liem"]
[Result "0-1"]
[WhiteElo "2677"]
[BlackElo "2715"]
[PlyCount "98"]
[EventDate "2018.09.08"]
[EventType "team (blitz)"]
[EventRounds "12"]
[EventCountry "USA"]
[SourceTitle "OM OTB B 201907"]
[Source "Opening Master"]
[SourceDate "2019.07.06"]
[SourceVersion "2"]
[SourceVersionDate "2019.07.06"]
[SourceQuality "1"]
[WhiteTeam "Central"]
[BlackTeam "Atlantic"]
[WhiteTeamCountry "USA"]
[BlackTeamCountry "USA"]

1. e4 e5 2. Nf3 Nc6 3. c3 Nf6 4. d4 exd4 5. e5 Ne4 6. Qe2 d5 7. exd6 f5 8. Nbd2
Bxd6 9. Nxe4 fxe4 10. Qxe4+ Qe7 11. Qxe7+ Bxe7 12. Nxd4 Nxd4 13. cxd4 Be6 14.
Be2 O-O-O 15. Be3 Bf6 16. a3 Bxd4 17. Bxd4 Rxd4 18. Rd1 Rhd8 19. h4 c5 20. h5
h6 21. f3 Kc7 22. g4 Kb6 23. Kf2 Ka5 24. Ke3 Ka4 25. Rc1 b6 26. Rc3 Bb3 27.
Bb5+ Kxb5 28. Rxb3+ Ka4 29. Rc3 Re8+ 30. Kf2 Rd2+ 31. Kg3 Rxb2 32. Rd1 Re7 33.
Rdd3 Rc7 34. Re3 b5 35. f4 c4 36. g5 Rb3 37. Kg4 Rxc3 38. Rxc3 a5 39. f5 hxg5
40. Kxg5 b4 41. axb4 axb4 42. Rc1 b3 43. Ra1+ Kb4 44. f6 gxf6+ 45. Kxf6 b2 46.
Rh1 c3 47. h6 c2 48. h7 Rxh7 49. Rxh7 c1=Q 0-1

[Event "Innsbruck op-B 2nd"]
[Site "Innsbruck"]
[Date "2018.08.26"]
[Round "3"]
[White "Schett, Franz"]
[Black "Wischounig, Laurin"]
[Result "0-1"]
[WhiteElo "1752"]
[BlackElo "1900"]
[PlyCount "76"]
[EventDate "2018.08.24"]
[EventType "swiss"]
[EventRounds "9"]
[EventCountry "AUT"]
[SourceTitle "OM OTB B 201907"]
[Source "Opening Master"]
[SourceDate "2019.07.06"]
[SourceVersion "2"]
[SourceVersionDate "2019.07.06"]
[SourceQuality "1"]

1. e4 e5 2. Nf3 Nc6 3. c3 Nf6 4. d3 d5 5. Qc2 Bc5 6. h3 Be6 7. Be2 h6 8. Nbd2
O-O 9. Nf1 Nd7 10. Ne3 d4 11. Nf5 Bxf5 12. exf5 Qf6 13. g4 Rfe8 14. b4 Bb6 15.
b5 Ne7 16. c4 Nc5 17. Nd2 e4 18. Bb2 exd3 19. Bxd3 Nd5+ 20. Be4 Nb4 21. Qb1
Nbd3+ 22. Kf1 Nxb2 23. Bd5 Nbd3 24. a4 Re1+ 25. Qxe1 Nxe1 26. Kxe1 Re8+ 27. Kf1
c6 28. bxc6 bxc6 29. Bg2 Ba5 30. Nf3 d3 31. Rd1 Qc3 32. Kg1 Qxc4 33. g5 hxg5
34. Nxg5 d2 35. Bxc6 Re1+ 36. Kg2 Nd3 37. Bf3 Qh4 38. Rxd2 Qxg5+ 0-1